|
|
|
|
| LEADER |
00820cam a2200229 7i4500 |
| 001 |
0000012932 |
| 005 |
20151104090000.0 |
| 005 |
##20151104113700.0 |
| 003 |
##MY-KlINT |
| 020 |
# |
# |
|a 9789673051199
|
| 039 |
# |
9 |
|y 201511041137
|z VLOAD
|
| 090 |
0 |
0 |
|a 338.9595
|b EKO
|
| 100 |
1 |
# |
|a Abdul Halim Ramli
|
| 245 |
0 |
0 |
|a Ekonomi Bumiputera selepas 1990 /
|c disunting oleh Chamhuri Siwar, Mohd. Yusof Kasim, Abdul Malik Ismail.
|
| 260 |
# |
# |
|a Bangi, Selangor:
|b Penerbit Universiti Kebangsaan Malaysia,
|c 1992.
|
| 300 |
# |
# |
|a 379 ms:
|b il;
|c 23cm.
|
| 500 |
# |
# |
|a Indeks halaman 375
|
| 650 |
# |
0 |
|a Malaysia --
|x Economic policy --
|x Congresses
|
| 650 |
# |
0 |
|a Malaysia --
|x Economic conditions --
|x Congresses
|
| 700 |
0 |
# |
|a Chamhuri Siwar
|
| 710 |
0 |
# |
|a Mohd.Yusof Kasim, Abdul Malik Ismail
|
| 999 |
|
|
|a 0000066459
|b BOOK
|c Main Non-Fiction
|e INTAN BK
|